000 00460nam a2200181Ia 4500
005 20250326124707.0
008 250326s9999 xx 000 0 und d
037 _aTextbook
040 _aFMSL
_beng
_cFMSL
041 _aeng
_2eng
084 _aX:8b L7
_qFMSL
100 _aHunt A
_9121901
245 0 _aManagement consultant
_cHunt A
260 _aNY
_bNY, Ronald
_c1977
300 _a159p
942 _cTB
_hX:8b L7
999 _c1274783
_d1274783